LDR 02195nam a2200265 i 4500 001 000000359384 003 CaOOAMICUS 005 20240814142433.0 008 240814s2024 gw a u000 u ger u 020 $a978-3-11-136631-9 040 $aSeMil$bita 100 1 $aKratz, Reinhard Gregor,$d<1957- >.$0(OLS)http://semarc/name/17574 245 10$aTorastudien /$cReinhard G. Kratz. 264 1$aBerlin ; Boston :$bDe Gruyter,$c2024. 300 $ax, 658 p. ;$c24 cm 490 1 $aBeihefte zur Zeitschrift für die alttestamentliche Wissenschaft ;$v558 520 0 $aIn diesem Band sind Beiträge zur Pentateuchforschung aus den vergangenen rund 20 Jahren gesammelt. Die Anordnung folgt nicht chronologischen, sondern sachlichen Gesichtspunkten: Die erste Sektion (Das literarische Problem des Pentateuchs) widmet sich der Methodik, Geschichte und aktuellen Diskussion der Pentateuchforschung. Die zweite Sektion (Urgeschichte und Erzväter) enthält Beiträge zur Komposition der Ur- und Vätergeschichte in der Genesis, die dritte Sektion (Das Gesetz zwischen Exodus und Landnahme) solche zur Komposition der Exodus-Landnahmegeschichte in Exodus-Josua. Die vierte Sektion (Tora und Vordere Propheten) überschreitet den Horizont des Pentateuchs in Richtung Hexateuch und Enneateuch und behandelt das Verhältnis des Pentateuchs zum sogenannten Deuteronomistischen Geschichtswerk. Die fünfte Sektion (Die Rezeption der Tora in den Texten vom Toten Meer) schließlich befasst sich mit Beispielen der antiken Rezeptionsgeschichte, an denen deutlich wird, dass sich der dynamische Prozess der 650 4$aBibbia. Antico Testamento. Pentateuco - Commentari, studi, critica, interpretazioni.$0(OLS)http://semarc/subject/4709 830 0$aBeihefte zur Zeitschrift für die alttestamentliche Wissenschaft ;$v558.$0(OLS)http://semarc/title/294 850 $aSeMil 852 $aSeMil$W1$xVenegono$y1$m2XA Q 558$j250296$B250457$CSeMilBibl$Z2$F250457 $81 996 $6020$a978-3-11-136631-9$9(OLS)http://semarc/number/301037 996 $6245$aTorastudien$9(OLS)http://semarc/title/449847 996 $6264$aBerlin ; Boston :$bDe Gruyter$9(OLS)http://semarc/publisher/36449